|
|
|
|
| LEADER |
00745nam a2200253 a 4500 |
| 001 |
adlib96000001 |
| 003 |
ViArRB |
| 005 |
20151026132722.0 |
| 008 |
960221s1955 dcuabcdjdbkoqu001 0deng d |
| 020 |
|
|
|
| 022 |
|
|
|
| 040 |
|
|
|a Adlib
|
| 082 |
|
|
|a 338:633.82(548.3)
|
| 245 |
|
|
|a Economics of Cardamom Plantations in Kerala
|
| 250 |
|
|
|
| 260 |
|
|
|a Cochin
|b School of Management Studies
|c 1983
|
| 300 |
|
|
|a vi, 379 p.
|
| 500 |
|
|
|a Thesis(Ph.D) University of Cochn, 1983
|
| 100 |
|
|
|a Suresh, K.A.
|
| 700 |
|
|
|
| 942 |
|
|
|c BK
|6 _
|
| 653 |
|
|
|a Economics of Cardamom Plantations in Kerala
|
| 999 |
|
|
|c 54217
|d 54217
|
| 952 |
|
|
|0 0
|1 0
|4 0
|6 338633825483_SUR
|7 0
|9 67121
|a UL
|b UL
|d 2010-06-19
|o 338:633.82(548.3) SUR
|p G0003206
|r 2010-06-19
|w 2010-06-19
|y BK
|